Undang-undang Am Malaysia jilid iv (hingga 20hb Ogos 2002)

Bibliographic Details
Format: Book
Published: Petaling Jaya : International Law Books , 2002

MARC

LEADER 00000cam a2200000 7i4500
001 0000015085
005 20070524.0
020 |a 9678910713 
040 |a INS 
090 0 0 |a KPG14   |b M35 2002 
245 1 0 |a Undang-undang Am Malaysia jilid iv (hingga 20hb Ogos 2002) 
260 |a Petaling Jaya :   |b International Law Books ,   |c 2002 
300 |a 567p ;   |c 24cm. 
999 |a 0000014898   |b BOOK   |c Open Shelf   |e Default branch